[Event "Match Russia vs China 2016"]
[Site "Moscow"]
[Date "2016.06.11"]
[Round "1"]
[White "Yu, Yangyi"]
[Black "Andreikin, Dmitry"]
[Result "1/2-1/2"]
[WhiteElo "2737"]
[BlackElo "2743"]
[PlyCount "77"]
[EventDate "2016.??.??"]
[EventCountry "RUS"]
[SourceTitle "playchess.com"]
[Source "ChessBase"]
[WhiteTeam "China"]
[BlackTeam "Russia"]
[WhiteTeamCountry "CHN"]
[BlackTeamCountry "RUS"]

1. Nf3 Nf6 2. g3 c5 3. Bg2 Nc6 4. O-O g6 5. b3 Bg7 6. Bb2 d5 7. Ne5 Nxe5 8.
Bxe5 d4 9. e3 O-O 10. exd4 cxd4 11. c4 dxc3 12. dxc3 Qa5 13. Qe1 Bf5 14. c4 Qa6
15. Qc1 Be4 16. Bxe4 Nxe4 17. Bxg7 Kxg7 18. Nc3 Nxc3 19. Qxc3+ Qf6 20. Qe3 Rfd8
21. Rad1 b6 22. b4 Rxd1 23. Rxd1 a5 24. a3 axb4 25. axb4 Ra4 26. Rb1 h5 27. h4
Qc6 28. Rc1 Qf6 29. Qb3 Ra7 30. c5 bxc5 31. bxc5 Rc7 32. Qd5 Qc6 33. Qe5+ Kh7
34. Qf4 Kg7 35. Qd4+ Qf6 36. Qd5 Qc6 37. Qd4+ Qf6 38. Qd5 Qc6 39. Qd4+ 1/2-1/2

[Event "Match Russia vs China 2016"]
[Site "Moscow"]
[Date "2016.06.11"]
[Round "1"]
[White "Matlakov, Maxim"]
[Black "Lu, Shanglei"]
[Result "1/2-1/2"]
[WhiteElo "2691"]
[BlackElo "2614"]
[PlyCount "109"]
[EventDate "2016.??.??"]
[EventCountry "RUS"]
[SourceTitle "playchess.com"]
[Source "ChessBase"]
[WhiteTeam "Russia"]
[BlackTeam "China"]
[WhiteTeamCountry "RUS"]
[BlackTeamCountry "CHN"]

1. d4 d5 2. c4 e6 3. Nf3 Nf6 4. g3 dxc4 5. Bg2 c5 6. O-O Nc6 7. dxc5 Qxd1 8.
Rxd1 Bxc5 9. Nbd2 c3 10. bxc3 O-O 11. Nb3 Be7 12. c4 e5 13. Bb2 e4 14. Nfd4
Nxd4 15. Bxd4 Bg4 16. Rd2 Rac8 17. Rc2 b6 18. e3 Rfe8 19. c5 bxc5 20. Nxc5 Nd7
21. Rac1 Nxc5 22. Bxc5 Rxc5 23. Rxc5 Bxc5 24. Rxc5 g6 25. h3 Be2 26. g4 Re6 27.
Ra5 a6 28. Bf1 Bxf1 29. Kxf1 Kg7 30. Kg2 h6 31. h4 Kf6 32. g5+ hxg5 33. hxg5+
Ke7 34. Kg3 f5 35. gxf6+ Kxf6 36. Kf4 Kf7 37. a4 Rf6+ 38. Kg3 Rf3+ 39. Kg2 Rf6
40. Re5 Re6 41. Rd5 Rf6 42. Re5 Re6 43. Rc5 Rf6 44. Rc4 Re6 45. Kg3 Re5 46.
Rc7+ Kf8 47. Kf4 Rf5+ 48. Kxe4 Rxf2 49. Rc6 Kf7 50. Rxa6 g5 51. Ra7+ Kf6 52.
Ra8 Kf7 53. a5 g4 54. a6 g3 55. a7 1/2-1/2

[Event "Match Russia vs China 2016"]
[Site "Moscow"]
[Date "2016.06.12"]
[Round "2"]
[White "Nepomniachtchi, Ian"]
[Black "Yu, Yangyi"]
[Result "1/2-1/2"]
[WhiteElo "2719"]
[BlackElo "2737"]
[PlyCount "80"]
[EventDate "2016.??.??"]
[EventCountry "RUS"]
[SourceTitle "playchess.com"]
[Source "ChessBase"]
[WhiteTeam "Russia"]
[BlackTeam "China"]
[WhiteTeamCountry "RUS"]
[BlackTeamCountry "CHN"]

1. e4 e5 2. Nf3 Nc6 3. Bc4 Bc5 4. c3 Nf6 5. d3 a6 6. O-O d6 7. a4 O-O 8. h3 Be6
9. Bxe6 fxe6 10. d4 Ba7 11. Re1 exd4 12. cxd4 e5 13. Be3 d5 14. Nc3 exd4 15.
Nxd4 Bxd4 16. Bxd4 Nxe4 17. Nxe4 Nxd4 18. Qxd4 dxe4 19. Qxe4 Qf6 20. Re2 c6 21.
Ra3 Rad8 22. Rf3 Qd6 23. Rxf8+ Rxf8 24. g3 b5 25. axb5 axb5 26. Kg2 c5 27. b3
Rd8 28. h4 Qd5 29. Qxd5+ Rxd5 30. Re7 h5 31. Rc7 Kh7 32. Kf3 Rd3+ 33. Kf4 Rxb3
34. Rxc5 Kh6 35. Rc6+ g6 36. Rc7 Rb4+ 37. Ke3 Rb3+ 38. Ke4 Rb4+ 39. Kd3 Rb3+
40. Ke4 Rb4+ 1/2-1/2

[Event "Match Russia vs China 2016"]
[Site "Moscow"]
[Date "2016.06.12"]
[Round "2"]
[White "Zhou, Jianchao"]
[Black "Matlakov, Maxim"]
[Result "1/2-1/2"]
[WhiteElo "2617"]
[BlackElo "2691"]
[PlyCount "54"]
[EventDate "2016.??.??"]
[EventCountry "RUS"]
[SourceTitle "playchess.com"]
[Source "ChessBase"]
[WhiteTeam "China"]
[BlackTeam "Russia"]
[WhiteTeamCountry "CHN"]
[BlackTeamCountry "RUS"]

1. c4 Nf6 2. Nc3 e6 3. Nf3 d5 4. e3 Be7 5. b3 O-O 6. Bb2 dxc4 7. Bxc4 c5 8. d4
cxd4 9. Nxd4 a6 10. Be2 b5 11. O-O Bb7 12. Bf3 Qb6 13. a4 Nc6 14. Nxc6 Bxc6 15.
Bxc6 Qxc6 16. axb5 axb5 17. Rxa8 Rxa8 18. Qf3 Qxf3 19. gxf3 b4 20. Na4 Nd5 21.
Rc1 Bf6 22. Bxf6 gxf6 23. Rc4 Kg7 24. Rg4+ Kf8 25. Rh4 Kg7 26. Rg4+ Kf8 27. Rh4
Kg7 1/2-1/2

[Event "Match Russia vs China 2016"]
[Site "Moscow"]
[Date "2016.06.12"]
[Round "2"]
[White "Dubov, Daniil"]
[Black "Wang, Yue"]
[Result "1/2-1/2"]
[WhiteElo "2666"]
[BlackElo "2728"]
[PlyCount "81"]
[EventDate "2016.??.??"]
[EventCountry "RUS"]
[SourceTitle "playchess.com"]
[Source "ChessBase"]
[WhiteTeam "Russia"]
[BlackTeam "China"]
[WhiteTeamCountry "RUS"]
[BlackTeamCountry "CHN"]

1. c4 c6 2. Nf3 d5 3. g3 g6 4. Qa4 Nd7 5. cxd5 cxd5 6. Nc3 Ngf6 7. Qb3 e6 8. d4
Bg7 9. Bg2 O-O 10. Bf4 Nb6 11. O-O Bd7 12. Rfc1 Bc6 13. Qd1 Qe7 14. b3 Nbd7 15.
Rc2 Ne4 16. Rac1 Rad8 17. Qe1 Rfe8 18. Bc7 Rc8 19. Ba5 Nxc3 20. Bxc3 Bf8 21.
Qd2 Bb5 22. Ne1 Nf6 23. f3 Qd7 24. a4 Ba6 25. Nd3 Bxd3 26. Qxd3 Rc6 27. Bd2
Rec8 28. Rxc6 Rxc6 29. Rxc6 Qxc6 30. Bf1 Nd7 31. Kg2 Nb8 32. e3 Na6 33. Qc3
Qxc3 34. Bxc3 Nb4 35. Kf2 f5 36. Ke2 Kf7 37. Bg2 Nc6 38. Kd3 Nb4+ 39. Bxb4 Bxb4
40. e4 b6 41. exd5 1/2-1/2

[Event "Match Russia vs China 2016"]
[Site "Moscow"]
[Date "2016.06.12"]
[Round "2"]
[White "Wen, Yang"]
[Black "Jakovenko, Dmitri"]
[Result "1/2-1/2"]
[WhiteElo "2611"]
[BlackElo "2710"]
[PlyCount "80"]
[EventDate "2016.??.??"]
[EventCountry "RUS"]
[SourceTitle "playchess.com"]
[Source "ChessBase"]
[WhiteTeam "China"]
[BlackTeam "Russia"]
[WhiteTeamCountry "CHN"]
[BlackTeamCountry "RUS"]

1. d4 Nf6 2. Nf3 d5 3. Bf4 c5 4. e3 cxd4 5. exd4 Bg4 6. Nbd2 e6 7. c3 Bd6 8.
Bxd6 Qxd6 9. Bd3 Nc6 10. O-O O-O 11. Qe2 a6 12. a4 Rac8 13. Qe3 Nd7 14. Rfe1
Bxf3 15. Nxf3 Na5 16. Ng5 h6 17. Qh3 Nc4 18. Re2 Rfe8 19. Nf3 Qc7 20. Rae1 b5
21. axb5 axb5 22. Kh1 Qf4 23. Rg1 Nd6 24. g4 e5 25. Nxe5 Nxe5 26. dxe5 Rxe5 27.
Rxe5 Qxe5 28. Qg3 Qxg3 29. hxg3 Nc4 30. Bxc4 Rxc4 31. Rd1 b4 32. Rxd5 bxc3 33.
bxc3 Rxc3 34. Kg2 g6 35. Rd8+ Kg7 36. Rd6 Ra3 37. Rb6 Ra2 38. Rd6 Ra3 39. Rb6
Ra2 40. Rd6 Ra3 1/2-1/2

[Event "Match Russia vs China 2016"]
[Site "Moscow"]
[Date "2016.06.12"]
[Round "2"]
[White "Lu, Shanglei"]
[Black "Andreikin, Dmitry"]
[Result "1-0"]
[WhiteElo "2614"]
[BlackElo "2743"]
[PlyCount "93"]
[EventDate "2016.??.??"]
[EventCountry "RUS"]
[SourceTitle "playchess.com"]
[Source "ChessBase"]
[WhiteTeam "China"]
[BlackTeam "Russia"]
[WhiteTeamCountry "CHN"]
[BlackTeamCountry "RUS"]

1. e4 c6 2. Nc3 d5 3. Nf3 Bg4 4. h3 Bxf3 5. Qxf3 Nf6 6. d3 e6 7. Bd2 Nbd7 8. g4
h6 9. h4 Qb6 10. O-O-O Ne5 11. Qe2 d4 12. Nb1 c5 13. f4 Nc6 14. Bh3 Nd7 15. g5
c4 16. g6 O-O-O 17. gxf7 Nc5 18. Be1 c3 19. Nxc3 dxc3 20. Bxc3 Kb8 21. b3 a5
22. d4 Nxd4 23. Bxd4 Rxd4 24. Rxd4 Nxb3+ 25. cxb3 Qxd4 26. Kb1 Qf6 27. Qb2 Qxf4
28. Qd4 Qf3 29. Qd8+ Ka7 30. Qxa5+ Kb8 31. Qd8+ Ka7 32. Qd4+ Kb8 33. Rd1 Bc5
34. Bg2 Qe2 35. Bf1 Qh5 36. Qd7 Rf8 37. b4 Bxb4 38. Rc1 Rxf7 39. Qd8+ Ka7 40.
Qd4+ Bc5 41. Rxc5 Rxf1+ 42. Kb2 Qd1 43. Ra5+ Kb8 44. Qe5+ Kc8 45. Qxe6+ Kc7 46.
Rc5+ Kb8 47. Qc8+ 1-0

[Event "Match Russia vs China 2016"]
[Site "Moscow"]
[Date "2016.06.13"]
[Round "3"]
[White "Nepomniachtchi, Ian"]
[Black "Lu, Shanglei"]
[Result "1-0"]
[WhiteElo "2719"]
[BlackElo "2614"]
[PlyCount "81"]
[EventDate "2016.??.??"]
[EventCountry "RUS"]
[SourceTitle "playchess.com"]
[Source "ChessBase"]
[WhiteTeam "Russia"]
[BlackTeam "China"]
[WhiteTeamCountry "RUS"]
[BlackTeamCountry "CHN"]

1. e4 c5 2. Nf3 d6 3. d4 cxd4 4. Nxd4 Nf6 5. Nc3 a6 6. h3 e6 7. g4 Nfd7 8. Be3
b5 9. a3 Bb7 10. g5 Nc6 11. h4 Be7 12. Qd2 O-O 13. O-O-O Rc8 14. Nxc6 Rxc6 15.
Kb1 Ne5 16. Rh3 Nc4 17. Qe1 Qa5 18. Bxc4 Rxc4 19. Nd5 Qd8 20. Bb6 Qd7 21. Nxe7+
Qxe7 22. Re3 Qd7 23. Ba5 Qc6 24. f3 Rc8 25. Bc3 Qc5 26. Rdd3 d5 27. exd5 Bxd5
28. h5 a5 29. b3 Rf4 30. Qd2 Rh4 31. h6 b4 32. Bb2 Rh1+ 33. Bc1 bxa3 34. Rc3
Qf8 35. Rxc8 Qxc8 36. Rc3 Qf8 37. Rc7 a4 38. Qc3 axb3 39. cxb3 Bb7 40. Rxb7 a2+
41. Ka1 1-0

[Event "Match Russia vs China 2016"]
[Site "Moscow"]
[Date "2016.06.13"]
[Round "3"]
[White "Andreikin, Dmitry"]
[Black "Wen, Yang"]
[Result "1/2-1/2"]
[WhiteElo "2743"]
[BlackElo "2611"]
[PlyCount "180"]
[EventDate "2016.??.??"]
[EventCountry "RUS"]
[SourceTitle "playchess.com"]
[Source "ChessBase"]
[WhiteTeam "Russia"]
[BlackTeam "China"]
[WhiteTeamCountry "RUS"]
[BlackTeamCountry "CHN"]

1. d4 d5 2. Nf3 c6 3. Bg5 Bf5 4. e3 Nd7 5. c4 Ngf6 6. cxd5 cxd5 7. Nc3 Ne4 8.
Nxe4 Bxe4 9. Nd2 Bg6 10. Qb3 f6 11. Bf4 e5 12. Bg3 exd4 13. exd4 Nb6 14. Bb5+
Kf7 15. O-O Bd6 16. Rfc1 Bxg3 17. hxg3 Qd6 18. a4 Nc8 19. Qc3 Rd8 20. Qc7+ Ne7
21. Qxb7 a6 22. Bf1 Rdb8 23. Qc7 Qxc7 24. Rxc7 Rxb2 25. Nf3 Kf8 26. Re1 Nf5 27.
g4 Nh6 28. g5 Ng4 29. gxf6 gxf6 30. Rc6 a5 31. Re2 Rxe2 32. Bxe2 Be8 33. Rc7
Bxa4 34. Nh4 Nh6 35. Rxh7 Nf7 36. Ng6+ Kg8 37. Rh3 Ra7 38. Rg3 Ng5 39. Nf4 Bc6
40. Rc3 Ba8 41. Bb5 Kf7 42. Ba4 Ne6 43. Nxe6 Kxe6 44. Rc5 Kd6 45. f3 Ra6 46.
Kf2 Bc6 47. Bxc6 Rxc6 48. Rxa5 Rc2+ 49. Kg3 Rd2 50. Ra4 Ke6 51. Kh3 Kf5 52. g3
Kg5 53. Rb4 Kf5 54. g4+ Kg5 55. Kg3 Rd3 56. Ra4 f5 57. Ra8 f4+ 58. Kg2 Rxd4 59.
Rg8+ Kh6 60. Rf8 Kg6 61. Rf5 Rd2+ 62. Kh3 Rd4 63. Kh4 Ra4 64. Rg5+ Kh7 65. Rh5+
Kg6 66. Rg5+ Kh7 67. Rxd5 Ra3 68. Kg5 Rxf3 69. Rd7+ Kg8 70. Kg6 Kf8 71. Rf7+
Kg8 72. Ra7 Kf8 73. Ra8+ Ke7 74. g5 Rg3 75. Ra6 Kf8 76. Rf6+ Kg8 77. Rb6 Kf8
78. Rb8+ Ke7 79. Rb4 f3 80. Rf4 Ke6 81. Rf5 Rh3 82. Ra5 f2 83. Rf5 Rh2 84. Rf6+
Ke5 85. Kf7 Ke4 86. g6 Rg2 87. g7 Ke3 88. g8=Q Rxg8 89. Kxg8 Ke2 90. Rxf2+ Kxf2
1/2-1/2

[Event "Match Russia vs China 2016"]
[Site "Moscow"]
[Date "2016.06.14"]
[Round "4"]
[White "Andreikin, Dmitry"]
[Black "Zhou, Jianchao"]
[Result "1/2-1/2"]
[WhiteElo "2743"]
[BlackElo "2617"]
[PlyCount "79"]
[EventDate "2016.??.??"]
[EventCountry "RUS"]
[SourceTitle "playchess.com"]
[Source "ChessBase"]
[WhiteTeam "Russia"]
[BlackTeam "China"]
[WhiteTeamCountry "RUS"]
[BlackTeamCountry "CHN"]

1. e4 c5 2. Nf3 e6 3. d4 cxd4 4. Nxd4 Nc6 5. Nc3 a6 6. Nxc6 bxc6 7. Bd3 d5 8.
O-O Nf6 9. Qe2 Be7 10. b3 O-O 11. Bb2 Bb7 12. Kh1 Nd7 13. Na4 c5 14. Rad1 d4
15. c3 e5 16. Bc1 Nb6 17. Nb2 Bd6 18. Bd2 a5 19. a4 Bc8 20. f4 Be6 21. Bc2 c4
22. Nxc4 Nxc4 23. bxc4 dxc3 24. Bxc3 Qc7 25. Bd3 exf4 26. e5 Bb4 27. Bb2 Rad8
28. Rxf4 g6 29. Rff1 Qc6 30. Qc2 Rc8 31. Be2 Bxc4 32. Qxc4 Qxc4 33. Bxc4 Rxc4
34. Rd7 Bc3 35. Bxc3 Rxc3 36. Rd5 Ra8 37. Rd7 Rf8 38. Rd5 Ra8 39. Rd7 Rf8 40.
Rd5 1/2-1/2

[Event "Match Russia vs China 2016"]
[Site "Moscow"]
[Date "2016.06.14"]
[Round "4"]
[White "Wen, Yang"]
[Black "Nepomniachtchi, Ian"]
[Result "0-1"]
[WhiteElo "2611"]
[BlackElo "2719"]
[PlyCount "126"]
[EventDate "2016.??.??"]
[EventCountry "RUS"]
[SourceTitle "playchess.com"]
[Source "ChessBase"]
[WhiteTeam "China"]
[BlackTeam "Russia"]
[WhiteTeamCountry "CHN"]
[BlackTeamCountry "RUS"]

1. d4 Nf6 2. Nf3 g6 3. g3 Bg7 4. Bg2 O-O 5. O-O d5 6. Nbd2 a5 7. c4 c6 8. b3
Bf5 9. Bb2 a4 10. Nh4 Be6 11. e3 Na6 12. Bc3 Nc7 13. h3 Nce8 14. Bb4 axb3 15.
axb3 Nd6 16. Qc2 Re8 17. Kh2 Nfe4 18. Nxe4 Nxe4 19. cxd5 cxd5 20. Nf3 Rc8 21.
Qb2 Qb6 22. Ba5 Qb5 23. Rfb1 h5 24. Bf1 Qd7 25. Bb4 Rc7 26. Ba5 Rc6 27. Be1
Rec8 28. Rc1 Qc7 29. Rxc6 Qxc6 30. Bd3 Bf5 31. Rd1 Bf6 32. Ng1 Rc7 33. Kg2 Qe6
34. f3 Nd6 35. Bf2 Bg5 36. Qd2 Qc8 37. h4 Bxd3 38. Qxd3 Rc3 39. Qe2 Bh6 40. Rd3
Nf5 41. e4 Rc2 42. Qe1 dxe4 43. fxe4 Nd6 44. e5 Nf5 45. d5 Ra2 46. Qe4 Qc5 47.
Rf3 Ne3+ 48. Kh1 Ng4 49. Qxg4 hxg4 50. Bxc5 gxf3 51. Nxf3 Ra1+ 52. Kg2 Rd1 53.
Bd4 Kf8 54. b4 Bd2 55. b5 Ba5 56. e6 Rb1 57. Ne5 Rxb5 58. Bc5 Bc7 59. Nd7+ Ke8
60. g4 b6 61. Be3 Rxd5 62. exf7+ Kxf7 63. Nxb6 Rb5 0-1

[Event "Match Russia vs China 2016"]
[Site "Moscow"]
[Date "2016.06.14"]
[Round "4"]
[White "Matlakov, Maxim"]
[Black "Yu, Yangyi"]
[Result "0-1"]
[WhiteElo "2691"]
[BlackElo "2737"]
[PlyCount "114"]
[EventDate "2016.??.??"]
[EventCountry "RUS"]
[SourceTitle "playchess.com"]
[Source "ChessBase"]
[WhiteTeam "Russia"]
[BlackTeam "China"]
[WhiteTeamCountry "RUS"]
[BlackTeamCountry "CHN"]

1. d4 Nf6 2. Nf3 d5 3. c4 e6 4. Nc3 Bb4 5. Bg5 h6 6. Bh4 g5 7. Bg3 Ne4 8. Qc2
h5 9. h3 c6 10. e3 Qa5 11. Nd2 Nxg3 12. fxg3 Qc7 13. O-O-O Qxg3 14. e4 Nd7 15.
exd5 Bxc3 16. bxc3 cxd5 17. cxd5 exd5 18. Bb5 O-O 19. Rde1 Nf6 20. Re5 Be6 21.
Rf1 Kg7 22. Rf3 Qxg2 23. Bf1 Qg1 24. Qd3 Ne4 25. Nxe4 dxe4 26. Qxe4 Rac8 27.
Kd2 Rc6 28. h4 f5 29. Qe1 Qh2+ 30. Re2 Qd6 31. hxg5 Qa3 32. Qh4 Bc4 33. d5 Bxe2
34. Qd4+ Kg6 35. Bxe2 Qb2+ 36. Ke1 Re8 37. Qd3 Rxe2+ 38. Qxe2 Qxe2+ 39. Kxe2
Rd6 40. Rd3 Kxg5 41. Kf3 h4 42. c4 b6 43. a4 f4 44. Rd1 h3 45. a5 Kf5 46. axb6
axb6 47. Rd4 h2 48. Kg2 Rh6 49. Kh1 f3 50. Rd1 Ke5 51. Rd2 Kf4 52. d6 Kg3 53.
d7 Re6 54. Rd1 f2 55. Rd3+ Kf4 56. Rd4+ Ke3 57. Rd1 Rd6 0-1

[Event "Match Russia vs China 2016"]
[Site "Moscow"]
[Date "2016.06.15"]
[Round "5"]
[White "Zhou, Jianchao"]
[Black "Nepomniachtchi, Ian"]
[Result "1/2-1/2"]
[WhiteElo "2617"]
[BlackElo "2719"]
[PlyCount "82"]
[EventDate "2016.??.??"]
[EventCountry "RUS"]
[SourceTitle "playchess.com"]
[Source "ChessBase"]
[WhiteTeam "China"]
[BlackTeam "Russia"]
[WhiteTeamCountry "CHN"]
[BlackTeamCountry "RUS"]

1. Nf3 Nf6 2. c4 c5 3. d4 cxd4 4. Nxd4 e6 5. g3 Qc7 6. Nc3 a6 7. Qa4 Nc6 8.
Nxc6 dxc6 9. Bg2 Be7 10. O-O O-O 11. Qb3 e5 12. Be3 Be6 13. Bb6 Qc8 14. Rac1
Nd7 15. Nd5 Bd8 16. Bxd8 Qxd8 17. Ne3 Rb8 18. Qc3 Qc7 19. b4 Rbd8 20. Rfd1 Nf6
21. a3 Ng4 22. c5 Nxe3 23. Qxe3 h6 24. Be4 Rfe8 25. Bc2 Kf8 26. Rxd8 Rxd8 27.
Rd1 Rxd1+ 28. Bxd1 Qd8 29. Bc2 Qd5 30. Qd3 Ke7 31. Qxd5 Bxd5 32. e4 Be6 33. f3
g5 34. g4 f6 35. Bd3 Bf7 36. Kf2 Kd7 37. Ke3 Kc7 38. Kd2 Bb3 39. Bc2 Bc4 40.
Bd3 Bb3 41. Bc2 Bc4 1/2-1/2

[Event "Match Russia vs China 2016"]
[Site "Moscow"]
[Date "2016.06.15"]
[Round "5"]
[White "Wen, Yang"]
[Black "Matlakov, Maxim"]
[Result "1/2-1/2"]
[WhiteElo "2611"]
[BlackElo "2691"]
[PlyCount "63"]
[EventDate "2016.??.??"]
[EventCountry "RUS"]
[SourceTitle "playchess.com"]
[Source "ChessBase"]
[WhiteTeam "China"]
[BlackTeam "Russia"]
[WhiteTeamCountry "CHN"]
[BlackTeamCountry "RUS"]

1. d4 Nf6 2. c4 e6 3. Nc3 Bb4 4. e3 O-O 5. Bd3 d5 6. cxd5 exd5 7. Nge2 Re8 8.
O-O Bd6 9. Bd2 a6 10. Nf4 Bxf4 11. exf4 Nc6 12. Be3 Ne4 13. Bxe4 dxe4 14. d5
Ne7 15. Rc1 Nf5 16. Re1 Qd6 17. Bd4 Bd7 18. Be5 Qg6 19. Nxe4 f6 20. Rxc7 Nh4
21. Ng3 fxe5 22. Rxd7 exf4 23. Re6 Rxe6 24. dxe6 Re8 25. Rd8 fxg3 26. Rxe8+
Qxe8 27. Qd7 gxf2+ 28. Kf1 Kf8 29. Qd6+ Kg8 30. Qd7 Kf8 31. Qd6+ Kg8 32. Qd7
1/2-1/2

[Event "Match Russia vs China 2016"]
[Site "Moscow"]
[Date "2016.06.15"]
[Round "5"]
[White "Jakovenko, Dmitri"]
[Black "Lu, Shanglei"]
[Result "1/2-1/2"]
[WhiteElo "2710"]
[BlackElo "2614"]
[PlyCount "80"]
[EventDate "2016.??.??"]
[EventCountry "RUS"]
[SourceTitle "playchess.com"]
[Source "ChessBase"]
[WhiteTeam "Russia"]
[BlackTeam "China"]
[WhiteTeamCountry "RUS"]
[BlackTeamCountry "CHN"]

1. d4 d5 2. c4 e6 3. Nf3 Nf6 4. g3 dxc4 5. Bg2 c5 6. O-O Nc6 7. Qa4 Bd7 8. Qxc4
b5 9. Qc3 b4 10. Qd3 Rc8 11. dxc5 Bxc5 12. Bf4 Be7 13. Nbd2 Nd5 14. Nc4 Nxf4
15. gxf4 O-O 16. Rfd1 Rc7 17. Rac1 Qb8 18. Nd6 Rd8 19. Qc2 b3 20. axb3 Qb4 21.
Nc4 Rdc8 22. Rd3 Be8 23. Nfe5 Nxe5 24. fxe5 a5 25. Rc3 a4 26. bxa4 Bxa4 27. b3
Bxb3 28. Qxb3 Qxb3 29. Rxb3 Rxc4 30. Rxc4 Rxc4 31. Rb8+ Bf8 32. e3 g5 33. Bf1
Rc5 34. Rb5 Rxb5 35. Bxb5 Bg7 36. f4 gxf4 37. exf4 Bh6 38. f5 exf5 39. Bd7 f4
40. e6 fxe6 1/2-1/2

[Event "Match Russia vs China 2016"]
[Site "Moscow"]
[Date "2016.06.15"]
[Round "5"]
[White "Dubov, Daniil"]
[Black "Yu, Yangyi"]
[Result "1/2-1/2"]
[WhiteElo "2666"]
[BlackElo "2737"]
[PlyCount "91"]
[EventDate "2016.??.??"]
[EventCountry "RUS"]
[SourceTitle "playchess.com"]
[Source "ChessBase"]
[WhiteTeam "Russia"]
[BlackTeam "China"]
[WhiteTeamCountry "RUS"]
[BlackTeamCountry "CHN"]

1. d4 Nf6 2. c4 e6 3. g3 Bb4+ 4. Nd2 d5 5. Ngf3 dxc4 6. Bg2 O-O 7. O-O b5 8.
Ne1 c6 9. a4 Ba6 10. Nc2 Be7 11. axb5 Bxb5 12. Nb1 Nbd7 13. Bd2 a5 14. Qe1 a4
15. Bb4 Nd5 16. Bxe7 Qxe7 17. Nc3 N7f6 18. e4 Nb4 19. Nxb4 Qxb4 20. e5 Nd7 21.
f4 a3 22. bxa3 Rxa3 23. Rxa3 Qxa3 24. f5 Rd8 25. f6 g6 26. Kh1 Nb6 27. d5 Nxd5
28. Bxd5 exd5 29. e6 Re8 30. e7 h6 31. Qd2 Kh7 32. Rf4 g5 33. Rf5 Rg8 34. Re5
Qa8 35. Qc2+ Kh8 36. Qd1 Kh7 37. Qb1+ Kh8 38. Qd1 Kh7 39. Qh5 Qe8 40. h4 gxh4
41. Qf5+ Kh8 42. gxh4 Ba6 43. Ne2 Bc8 44. Qh5 Kh7 45. Rg5 Rg6 46. Rxg6 1/2-1/2